Código orgánico de tribunales

保存先:
書誌詳細
フォーマット: 図書
言語:スペイン語
出版事項: Santiago LexisNexis 2005
版:5a. ed
主題:
タグ: タグ追加
タグなし, このレコードへの初めてのタグを付けませんか!

MARC

LEADER 00000nam a2200000 a 4500
001 UCK3884
003 CL-VaPUC
008 050513e20050000CL |||||||||||||||||spa|d
020 |a 9562384705 
082 0 4 |a 347.8301  |b COD  |2 21 
245 1 0 |a Código orgánico de tribunales 
250 |a 5a. ed 
300 |a 433 p 
942 |c BK 
945 |d 20050513 00:00:00  |a cmena 
260 |a Santiago  |b LexisNexis  |c 2005 
500 |a Incluye: Citas de jurisprudencia. Anotaciones y concordancias. Indice temático 
500 |a Actualizada al 26 de enero de 2005 
600 0 7 |a CORTE DE APELACIONES  |2 CL-VaPUC  |9 492235 
600 0 7 |a CORTE SUPREMA  |2 CL-VaPUC  |9 389044 
650 0 |a Código orgánico de tribunales  |9 256731 
650 0 |a Poder judicial  |9 254871 
650 0 |a Juzgados de garantía   |9 492236 
650 0 |a Jurisprudencia  |9 255952 
651 7 |a CHILE  |2 CL-VaPUC  |9 492237 
583 |a last modification  |c 20050513 00:00:00  |k Rodrigo Vera 
999 |c 312934  |d 312932 
952 |0 0  |1 0  |2 ddc  |4 0  |6 347_830100000000000_COD_2005  |7 0  |8 FOND_LRYV  |9 383836  |a BIBDER  |b BIBDER  |d 2019-11-22  |i 4126114  |o 347.8301 COD 2005  |p 4126114  |r 2023-01-25  |w 2019-11-22  |y BK_X  |k DER 
952 |0 0  |1 0  |2 ddc  |4 0  |6 347_830100000000000_COD_2005  |7 0  |8 FOND_LRYV  |9 383837  |a BIBDER  |b BIBDER  |d 2019-11-22  |i 4126122  |o 347.8301 COD 2005  |p 4126122  |r 2023-01-25  |w 2019-11-22  |y BK_X  |k DER